| 000 | 00476cam a2200181 a 4500 | ||
|---|---|---|---|
| 020 | _a0849359953 (v. 1) | ||
| 020 | _a0849359961 (v. 2) | ||
| 040 | _cDLC | ||
| 082 | 0 | 0 | _a599 CRC 1984 A025 Or. |
| 245 | 0 | 0 | _aMethods in studying cardiac membranes / |
| 260 |
_aBoca Raton, FL : _bCRC Press, _cc1984. |
||
| 300 |
_a2 v. : _bill. ; _c27 cm. |
||
| 650 | 0 | _aHeart. | |
| 650 | 0 | _aSarcolemma. | |
| 650 | 0 | _aMitochondrial membranes. | |
| 700 | 1 | _aDhalla, Naranjan S. | |
| 942 | _cEK | ||
| 999 |
_c13646 _d13646 |
||